Statistics for First Pokémon starting with this letter

Click here to take the quiz!

General Stats

  • This quiz has been taken 8 times
  • The average score is 17 of 26

Answer Stats

HintAnswer% Correct
CCharmander
100%
BBulbasaur
100%
AArbok
83%
MMetapod
83%
WWartortle
83%
VVenusaur
83%
FFearow
83%
SSquirtle
83%
IIvysaur
83%
PPidgey
83%
KKakuna
83%
RRattata
67%
ZZubat
67%
EEkans
67%
JJigglypuff
67%
LLickitung
50%
OOddish
50%
QQuilava
50%
GGolbat
50%
UUmbreon
50%
DDiglett
50%
XXatu
50%
YYanma
50%
NNidoran
50%
HHypno
33%
TTentacool
33%

Score Distribution

Percentile by Number Answered

Percent of People with Each Score

Your Score History

You have not taken this quiz